00449nam a22001457a 450000500170000000800410001702000180005804100080007608200150008410000160009924500910011526000260020630000220023265000490025420250423100526.0250423b |||||||| |||| 00| 0 eng d a9781839768552 aeng a658.05 GEN aGent, Craig aCyberboss: The Rise Of Algorithmic Management And The New Struggle For Control At Work aNew YorkbVersoc2024 a247: pages: 21 cm aManagement-Data Processing; Work Environment